Economía / (Record no. 137295)

MARC details
000 -LEADER
campo de control de longitud fija 00722nam a2200205 4500
001 - NÚMERO DE CONTROL
campo de control 137295
003 - IDENTIFICADOR DE NÚMERO DE CONTROL
campo de control ES-MaACL
005 - FECHA Y HORA DE LA ÚLTIMA TRANSACCIÓN
campo de control 20230906195339.0
007 - CAMPO FIJO DE DESCRIPCIÓN FÍSICA--INFORMACIÓN GENERAL
campo de control de longitud fija t|
008 - DATOS DE LONGITUD FIJA--INFORMACIÓN GENERAL
campo de control de longitud fija 070214s1983 sp r ||||1| spa d
100 1# - ENTRADA PRINCIPAL--NOMBRE DE PERSONA
Nombre de persona Samuelson, Paul A.
9 (RLIN) 102222
245 10 - MENCIÓN DEL TÍTULO
Título Economía /
Mención de responsabilidad, etc. Paul. A. Samuelson ; actualización de los datos estadísticos William Samuelson ; traducción de Manuel Gala Muñoz, Diego Azqueta, Luis Toharia Cortés.
260 ## - PUBLICACIÓN, DISTRIBUCIÓN, ETC.
Lugar de publicación, distribución, etc. Madrid :
Nombre del editor, distribuidor, etc. McGraw-Hill,
Fecha de publicación, distribución, etc. 1983.
300 ## - DESCRIPCIÓN FÍSICA
Extensión XXVIII, 986 p. ;
Dimensiones 24 cm.
700 1# - ENTRADA AGREGADA--NOMBRE PERSONAL
Nombre de persona Samuelson, William.
9 (RLIN) 102223
700 1# - ENTRADA AGREGADA--NOMBRE PERSONAL
Nombre de persona Gala Muñoz, Manuel.
9 (RLIN) 53277
700 1# - ENTRADA AGREGADA--NOMBRE PERSONAL
Nombre de persona Azqueta, Diego.
9 (RLIN) 24365
700 0# - ENTRADA AGREGADA--NOMBRE PERSONAL
Nombre de persona Toharia, Luis.
9 (RLIN) 110425
852 ## - LOCALIZACIÓN
Ubicación ES-MaACL
Número de control de estantería L-7282
Sublocalización o colección R.108156
Holdings
Estatus retirado Estado de pérdida Estado de daño No para préstamo Biblioteca de origen Biblioteca actual Ubicación en estantería Fecha de adquisición Fuente de adquisición Total de préstamos Signatura topográfica completa Código de barras Visto por última vez Precio de reemplazo Tipo de ítem Koha
        Biblioteca del Ateneo de Madrid Biblioteca del Ateneo de Madrid Depósito 2 17/01/2008     L-7282 1142874 23/02/2023 23/02/2023 Libro impreso